Teoretická a metodická východiska tvorby moderních strategií regionálního rozvoje a hodnocení účelnosti veřejných projektů (případová studie České republiky)

Saved in:
Bibliographic Details
Main Authors Viturka, Milan, 1948- (Author), Pařil, Vilém, 1983- (Author), Vystoupil, Jiří, 1951- (Author), Halámek, Petr, 1977- (Author)
Format Book
LanguageCzech
Published Brno : Masarykova univerzita, 2025
Edition1. vydání
Subjects
ISBN978-80-280-0761-4
Physical Description135 stran : barevné mapy ; 25 cm

Cover

LEADER 00000aam a2200000 i 4500
001 115457
003 CZ-ZlUTB
005 20260429082904.0
007 ta
008 251111s2025 xr b f 000 0 cze
015 |a cnb003720002 
020 |a 978-80-280-0761-4  |q (vázáno) 
040 |a ABA001  |b cze  |d BOA001  |d ZLD002  |e rda 
043 |a e-xr--- 
072 7 |a 332  |x Regionální ekonomie, regionální ekonomika  |2 Konspekt  |9 4 
080 |a 332.055.2  |2 MRF 
080 |a 332.14  |2 MRF 
080 |a 332  |2 MRF 
080 |a 711.1  |2 MRF 
080 |a 351.712  |2 MRF 
080 |a 330.322.14  |2 MRF 
080 |a (437.3)  |2 MRF 
080 |a (048.8:082)  |2 MRF 
100 1 |a Viturka, Milan,  |d 1948-  |7 jn20001005736  |4 aut 
245 1 0 |a Teoretická a metodická východiska tvorby moderních strategií regionálního rozvoje a hodnocení účelnosti veřejných projektů (případová studie České republiky) /  |c Milan Viturka, Vilém Pařil, Jiří Vystoupil, Petr Halámek 
250 |a 1. vydání 
264 1 |a Brno :  |b Masarykova univerzita,  |c 2025 
300 |a 135 stran :  |b barevné mapy ;  |c 25 cm 
336 |a text  |b txt  |2 rdacontent 
337 |a bez média  |b n  |2 rdamedia 
338 |a svazek  |b nc  |2 rdacarrier 
504 |a Obsahuje bibliografii a bibliografické odkazy 
650 0 7 |a regionální rozvoj  |7 ph125083  |z Česko  |2 czenas 
650 0 7 |a regionální politika  |7 ph125081  |z Česko  |2 czenas 
650 0 7 |a regiony  |7 ph125072  |z Česko  |2 czenas 
650 0 7 |a územní rozvoj  |7 ph128365  |z Česko  |2 czenas 
650 0 7 |a veřejné projekty  |7 ph127081  |z Česko  |2 czenas 
650 0 7 |a veřejné investice  |7 ph125798  |z Česko  |2 czenas 
650 0 9 |a regional development  |z Czechia  |2 eczenas 
650 0 9 |a regional policy  |z Czechia  |2 eczenas 
650 0 9 |a regions  |z Czechia  |2 eczenas 
650 0 9 |a territorial development  |z Czechia  |2 eczenas 
650 0 9 |a public sector projects  |z Czechia  |2 eczenas 
650 0 9 |a public investments  |z Czechia  |2 eczenas 
655 7 |a kolektivní monografie  |7 fd501537  |2 czenas 
655 9 |a collective monographs  |2 eczenas 
700 1 |a Pařil, Vilém,  |d 1983-  |7 mub2013766829  |4 aut 
700 1 |a Vystoupil, Jiří,  |d 1951-  |7 ola2004220070  |4 aut 
700 1 |a Halámek, Petr,  |d 1977-  |7 mzk2005269914  |4 aut 
710 2 |a Munipress (nakladatelství)  |7 mzk20201067479  |4 pbl 
710 2 |a Masarykova univerzita  |7 kn20010709056  |4 isb 
910 |a ZLD002 
942 |2 udc 
952 |0 0  |1 0  |4 0  |6 332VITURKAM  |7 -1  |8 BOOK  |9 190667  |a UTBZL  |b UTBZL  |c 005  |d 2026-04-08  |l 0  |o 332/VITURKA,M.  |p 420010201915  |r 2026-04-08 07:09:12  |v 380.00  |w 2026-04-08  |x N:nákup  |y 01 
992 |a BK  |b SK 
999 |c 115457  |d 115457